Florida Mammals by Picture - Statistics

General Stats
  • This quiz has been taken 57 times
  • The average score is 19 of 20
Answer Stats
Picture Answer % Correct
Black Bear
100%
Bottlenose Dolphin
100%
Humpback Whale
100%
Red Fox
100%
Striped Skunk
100%
Florida Panther
98%
Marsh Rabbit
98%
Nine-banded Armadillo
98%
North American Beaver
98%
North American River Otter
98%
Coyote
96%
Eastern Gray Squirrel
96%
White-tailed Deer
96%
Wild Boar
96%
Common Raccoon
94%
Eastern Mole
94%
Virginia Opossum
94%
West Indian Manatee
94%
Evening Bat
91%
Bobcat
85%
No matching quizzes found
Score Distribution
Percent of People with Each Score
Percentile by Number Answered
Your Score History
You have not taken this quiz